Library Banner

Succeed for yourself: (Record no. 7140)

MARC details
000 -LEADER
fixed length control field 00485nam a2200181Ia 4500
001 - CONTROL NUMBER
control field 5923
008 - FIXED-LENGTH DATA ELEMENTS--GENERAL INFORMATION
fixed length control field 140319s9999 xx 000 0 und d
020 ## - INTERNATIONAL STANDARD BOOK NUMBER
International Standard Book Number 0-7494-2132-0
040 ## - CATALOGING SOURCE
Transcribing agency PK-LaUMT
082 ## - DEWEY DECIMAL CLASSIFICATION NUMBER
Classification number 658.409
Item number DEN-S
100 ## - MAIN ENTRY--PERSONAL NAME
Personal name Denny, Richard
245 ## - TITLE STATEMENT
Title Succeed for yourself:
Remainder of title unlock your potential for success and happiness.
Statement of responsibility, etc Denny, Richard
260 ## - PUBLICATION, DISTRIBUTION, ETC. (IMPRINT)
Place of publication, distribution, etc New Delhi,India:
Name of publisher, distributor, etc Kogan Page,
Date of publication, distribution, etc 1997
300 ## - PHYSICAL DESCRIPTION
Extent 239 p.
546 ## - LANGUAGE NOTE
Language note EN
650 ## - SUBJECT ADDED ENTRY--TOPICAL TERM
Topical term or geographic name as entry element Leadership
942 ## - ADDED ENTRY ELEMENTS (KOHA)
Koha item type Books
Holdings
Withdrawn status Lost status Source of classification or shelving scheme Damaged status Not for loan Home library Current library Date acquired Total Checkouts Full call number Barcode Checked out Date last seen Date checked out Price effective from Koha item type
    Dewey Decimal Classification     UMT Main Campus UMT Main Campus 2014-03-19 1 658.409 DEN-S 6287 2019-12-13 2019-11-29 2019-11-29 2014-03-19 Books
    Dewey Decimal Classification     UMT Main Campus UMT Main Campus 2014-06-02 7 658.409 DEN-S 31214   2025-12-06 2025-11-25 2014-06-02 Books